000 00349nam a2200097Ia 4500
008 220120s9999||||xx |||||||||||||| ||und||
100 _aAshik Kallappa,Changappa, Charan, Uthappa
_912815
245 0 _aImprovised Re vehicle for Tri-mode surveillance universal un
260 _aCoorg Institute of Technology
_bPonnampet
_c2020
650 _aCIVIL ENGINEERING
999 _c138415
_d138415